| 000 | 00894nam a22001697a 4500 | ||
|---|---|---|---|
| 003 | IT-RoPau | ||
| 005 | 20220918181105.0 | ||
| 008 | 130514b xxu||||| |||| 00| 0 eng d | ||
| 040 | _cIT-RoPau | ||
| 100 |
_aMartini, Caterina _9532 |
||
| 245 |
_aLe Figlie di San Paolo _bNote per una storia 1915-1984 |
||
| 250 | _a1° ed. | ||
| 260 |
_aRoma _bCasa Generalizia FSP _c1994 |
||
| 300 |
_a446 p. _c21 cm |
||
| 520 | _aINDICE GENERALE Premessa; Presentazione; Introduzione; Fonti Bibliografiche; Sigle e Abbreviazioni; PRIMA PARTE Il periodo prefondazionale 1884-1914; SECONDA PARTE Dalla fondazione al termine della Seconda Guerra Mondiale 1915-1945; TERZA PARTE Dal dopo guerra alle Costituzioni rinnovate 1945-1984; CONCLUSIONE Appendice I: documenti; Appendice II: case; In cammino; Indice dei nomi; Indice degli argomenti principali; Indice dei documenti; Indice generale. | ||
| 942 |
_2ddc _cBK |
||
| 999 |
_c98516 _d98516 |
||